000 00341nam a2200133Ia 4500
005 20260328101451.0
008 260328s9999||||xx |||||||||||||| ||und||
100 _aBetsky, Aaron
245 0 _aFalse Flat :
_b Why dutch Design is so Good /
_cAaron Betsky
260 _bPhaidon
300 _a400 p.
650 _aDISEÑO INDUSTRIAL
942 _cBK
999 _c8656
_d8656